书目信息 |
| 题名: |
钢结构事故分析与处理
|
|
| 作者: | 雷宏刚 编著 | |
| 分册: | ||
| 出版信息: | 武汉 中国建材工业出版社 2003.03 |
|
| 页数: | 211页 | |
| 开本: | 26cm | |
| 丛书名: | ||
| 单 册: | ||
| 中图分类: | TU391 | |
| 科图分类: | ||
| 主题词: | 金属结构 | |
| 电子资源: | ||
| ISBN: | 7-80159-386-3 | |
| 000 | 00575nam0 2200193 45 | |
| 001 | 0458213129 | |
| 005 | 20050110111350.32 | |
| 010 | @a7-80159-386-3@dCNY 28.00 | |
| 100 | @a20040707d2003 km y0chiy0120 ea | |
| 101 | 0 | @achi |
| 102 | @aCN@b420000 | |
| 200 | 1 | @a钢结构事故分析与处理@AGang Jie Gou Shi Gu Fen Xi Yu Chu Li@f雷宏刚编著@FLei Hong Gang Bian Zhu |
| 210 | @a武汉@c中国建材工业出版社@d2003.03 | |
| 215 | @a211页@d26cm | |
| 606 | 0 | @a金属结构 |
| 690 | @aTU391@v3 | |
| 701 | 0 | @a雷宏刚@ALei Hong Gang@4编著 |
| 801 | 0 | @aCN@bPFT@c20050110 |
| 905 | @a安徽大学@dTU391@eL079 | |
| 钢结构事故分析与处理/雷宏刚编著.-武汉:中国建材工业出版社,2003.03 |
| 211页;26cm |
| ISBN 7-80159-386-3:CNY 28.00 |
| ● |
| 相关链接 |
|
|
|
正题名:钢结构事故分析与处理
索取号:TU391/L079
 
预约/预借
| 序号 | 登录号 | 条形码 | 馆藏地/架位号 | 状态 | 备注 |
| 1 | 386161 | 203861614 | 土木与交通工程学院资料室/土木与交通学院资料室 1排1列1层/ [索取号:TU391/L079] | 在馆 | |
| 2 | 386162 | 203861623 | 土木与交通工程学院资料室/土木与交通学院资料室 1排1列1层/ [索取号:TU391/L079] | 在馆 | |
| 3 | 386163 | 203861632 | 建筑库101/101建筑库 89排3列4层/ [索取号:TU391/L079] | 在馆 | |
| 4 | 433946 | 204339466 | 自科二线404/404自科库 27排3列3层/ [索取号:TU391/L079] | 在馆 | |
| 5 | 433947 | 204339475 | 自科二线404/404自科库 27排3列4层/ [索取号:TU391/L079] | 在馆 | |
| 6 | 435183 | 204351833 | 土木与交通工程学院资料室/土木与交通学院资料室 1排1列1层/ [索取号:TU391/L079] | 在馆 | |
| 7 | 435184 | 204351842 | 建筑库101/101建筑库 89排3列4层/ [索取号:TU391/L079] | 在馆 | |
| 8 | 435301 | 204353010 | 土木与交通工程学院资料室/土木与交通学院资料室 1排1列1层/ [索取号:TU391/L079] | 在馆 | |
| 9 | 435302 | 204353029 | 建筑库101/101建筑库 89排3列4层/ [索取号:TU391/L079] | 在馆 | |
| 10 | 435607 | 204356071 | 土木与交通工程学院资料室/土木与交通学院资料室 1排1列1层/ [索取号:TU391/L079] | 在馆 |